00457nam a2200109Ia 4500008004100000050002200041100002800063245011000091260008600201300003300287521002700320140724s9999 xx 000 0 und d aTP 1b.Ap643 2012 aApolinar, Paul Bryan D. aComputerized mentoring system for Southville International School and Colleges /cPaul Bryan D. Apolinar. aLas Piñas, Philippines :bSouthville International School and Colleges,cc2012. a55 p. :bcol. Ill. ;c28 cm. aInformation Technology